00397nam a2200157Ia 450000500170000000800410001702000150005805000260007310000180009924500380011726000310015530000330018644000060021952100070022552600070023220140403162754.0140130s9999 xx 000 0 und d a0439253349 aPZ 7 b.M9542Iae 2000 aMurphy, Mary. cMary Murphy.aI Like it When... / bScholastic,cc2000.aUSA : a24 p. :bill. col. ;c18 cm. v1 aBR cBR